| 000 | 00363nam a2200145Ia 4500 | ||
|---|---|---|---|
| 003 | OSt | ||
| 005 | 20240320114319.0 | ||
| 008 | 170523s9999 xx 000 0 und d | ||
| 020 | _a978-0470881323 | ||
| 040 | _cIIMT UNIVERSITY MEERUT | ||
| 100 | _aBaker- R.J. | ||
| 245 | 0 | _aCMOS Circuit Design- Layout- and Simulation | |
| 260 | _aWiley India | ||
| 942 |
_2ddc _c02 |
||
| 999 |
_c11994 _d11994 |
||